000 00753nam a22002177a 4500
005 20140605110146.0
010 _aENG-101516
020 _a9788183333689
_c225.00
035 _aEN-85049
035 _aB-424291-312
037 _bDBAD/PUB
037 _bBlueberry Books
082 _a005.73
100 _aMalek,Zakiya
245 _aData and file structures :
_cby Zakiya Malek
_balgorithms,problem solving and programming with C /
260 _aNew Delhi
_bBPB Publications
_c2010
270 _aB-14, Connaught Place
_bNew Delhi
_e110001
300 _axiv,397p. :
_c23cm (pbk)
_bill.
942 _2ddc
_cEN
_mMAL
_h005.73
999 _c47582
_d47582